| 000 | 00659cam a22002414a 4500 | ||
|---|---|---|---|
| 999 |
_c141084 _d141084 |
||
| 003 | UPN | ||
| 005 | 20220903164553.0 | ||
| 008 | 090209s1997 mx r 000 j spa d | ||
| 020 | _a9684933088 | ||
| 035 | _aUPN01000168978 | ||
| 040 |
_aUPN _bspa _cUPN |
||
| 049 | _aCG | ||
| 050 | 4 |
_aPQ9698.16 O4.6 _bA4.9 |
|
| 100 | 1 |
_aFonseca, Rubem, _d1925- _932033 |
|
| 245 | 1 | 3 |
_aEl agujero en la pared / _cRubem Fonseca. |
| 260 |
_aMéxico : _bCal y Arena, _c1997. |
||
| 300 | _a178 p. | ||
| 490 | 0 | _aLos libros de la condesa | |
| 534 |
_pTítulo original: _tO buraco na parede |
||
| 650 | 0 |
_aCuentos brasileños _912674 |
|
| 905 | _aLibro | ||
| 942 |
_2lcc _cLIBRO |
||